000 00246nam a22001217a 4500
003 SGT
082 _a823
_bKIN
100 _aKINTON CAROLINE
245 _aA TANGLED SUMMER
260 _aU.K
_bORION PUB
_c2007
300 _a385
942 _2ddc
_cBK
999 _c33537
_d33537